| 000 | 15634nas1a22010451i 4500 | ||
|---|---|---|---|
| 001 | RU\NLR\INFOCOMM31\1000096327 | ||
| 005 | 20260408072203.0 | ||
| 011 | _a0134-6822 | ||
| 035 | _a(NLR Aleph) 002500373 | ||
| 090 |
_a2587632 _c2587632 |
||
| 100 | _a20040817c1965 |||y0rusy50 ca | ||
| 101 | 0 | _arus | |
| 102 | _aRU | ||
| 110 | _aayu||||0|y0 | ||
| 200 | 1 |
_aБытовое обслуживание населения _hСерия 1 _iПошив и ремонт швейных изделий по заказам населения _eОбзор. информ. _fМ-во быт. обслуж. населения РСФСР. ЦБНТИ |
|
| 210 |
_aМ. _d1965- |
||
| 430 | 1 |
_12001#$aОбзорная информация$hСерия 1 _tОбзорная информация |
|
| 430 | 1 |
_12001#$aОбзорная информация$hСерия 1$iПошив и ремонт одежды, изготовление и ремонт трикотажных изделий по заказам населения _tОбзорная информация |
|
| 430 | 1 |
_12001#$aОбзорная информация$hСерия 1$iПошив и ремонт швейных изделий по заказам населения _tОбзорная информация |
|
| 430 | 1 |
_12001#$aОбзорная информация$hСерия 1$iПошив и ремонт швейных изделий, изготовление и ремонт трикотажных изделий по заказам населения _tОбзорная информация |
|
| 430 | 1 |
_12001#$aОбзорная информация$hСерия 1-А _tОбзорная информация |
|
| 430 | 1 |
_12001#$aОбзорная информация$hСерия 1-А$iИндивидуальный пошив и ремонт одежды _tОбзорная информация |
|
| 430 | 1 |
_12001#$aОбзорная информация$hСерия 1-А$iИндивидуальный пошив и ремонт одежды, изготовление трикотажных изделий _tОбзорная информация |
|
| 430 | 1 |
_12001#$aОбзорная информация$hСерия I$iИзготовление женской швейной галантереи _tОбзорная информация |
|
| 430 | 1 |
_12001#$aОбзорная информация$hСерия I$iИзготовление по индивидуальным заказам и ремонт одежды _tОбзорная информация |
|
| 430 | 1 |
_12001#$aОбзорная информация$hСерия I$iИндивидуальный пошив и ремонт одежды _tОбзорная информация |
|
| 430 | 1 |
_12001#$aОбзорная информация$hСерия I$iПошив и ремонт одежды, изготовление и ремонт трикотажных изделий по индивидуальным заказам населения _tОбзорная информация |
|
| 440 | 1 |
_12001#$aБытовое обслуживание населения$iСерия "Пошив и ремонт швейных изделий по заказам населения" _tБытовое обслуживание населения |
|
| 440 | 1 |
_12001#$aБытовое обслуживание населения$iСерия "Пошив и ремонт швейных изделий" _tБытовое обслуживание населения |
|
| 712 | 0 | 2 |
_4570 _aРоссийский союз объединений, предприятий и организаций бытового обслуживания населения _bЦентральное бюро научно-технической информации _3RU\NLR\AUTH\8810081317 _9664855 |
| 712 | 0 | 1 |
_4570 _aРСФСР _bМинистерство бытового обслуживания населения _3RU\NLR\AUTH\8810062572 _9626688 |
| 801 | 1 |
_aRU _bInfoComm _c20040817 |
|
| 801 | 0 |
_aRU _bNLR _gPSBO |
|
| 852 |
_aNLR _jП10/3035 |
||
| 931 | _9^^ | ||
| 931 | _9^^ | ||
| 942 | _cJOURNAL | ||
| 980 | _aRUSPER | ||